[Event "Regionalliga NO 1617"]
[Site "Bayern"]
[Date "2017.02.05"]
[Round "5.5"]
[White "Haeckler, Daniel"]
[Black "Bergthaller, Christian"]
[Result "1-0"]
[WhiteElo "2080"]
[BlackElo "1981"]
[PlyCount "61"]
[EventDate "2016.10.16"]
[EventType "team-tourn"]
[EventRounds "9"]
[EventCountry "GER"]
[SourceTitle "EXT 2019"]
[Source "ChessBase"]
[SourceDate "2018.10.10"]
[SourceVersion "1"]
[SourceVersionDate "2018.10.10"]
[SourceQuality "1"]
[WhiteTeam "Buechenbach/Roth"]
[BlackTeam "Regensburg Turnerschaft"]
[WhiteTeamCountry "GER"]
[BlackTeamCountry "GER"]

1. e4 e5 2. Nc3 Nf6 3. f4 d5 4. Nf3 Nxe4 5. fxe5 Bg4 6. Bd3 Ng5 7. Be2 d4 8. Nxg5 dxc3 9. Bxg4 Qxg5 10. d4 Qg6 11. 0-0 h5 12. Bf5 Qc6 13. bxc3 g6 14. Bd3 Bh6 15. Bxh6 Rxh6 16. Qe2 Nd7 17. e6 fxe6 18. Qe3 Rh8 19. Bxg6+ Ke7 20. Qg5+ Kd6 21. Qf4+ Ke7 22. Qf7+ Kd6 23. Rae1 Qc4 24. d5 Rae8 25. Rxe6+ Rxe6 26. Qxe6+ Kc5 27. Qxd7 Kb6 28. Qe6+ Ka5 29. Qe5 Qc5+ 30. Qd4 Qd6 31. Qxh8 1-0

[Event "Regionalliga NO 1516"]
[Site "Bayern"]
[Date "2015.10.25"]
[Round "2.6"]
[White "Bergthaller, Christian"]
[Black "Muehling, Werner"]
[Result "1/2-1/2"]
[WhiteElo "1964"]
[BlackElo "2022"]
[PlyCount "57"]
[EventDate "2015.10.11"]
[EventType "team-tourn"]
[EventRounds "9"]
[EventCountry "GER"]
[SourceTitle "EXT 2018"]
[Source "ChessBase"]
[SourceDate "2017.10.13"]
[SourceVersion "1"]
[SourceVersionDate "2017.10.13"]
[SourceQuality "1"]
[WhiteTeam "Regensburg Turnerschaft"]
[BlackTeam "Schwandorf"]
[WhiteTeamCountry "GER"]
[BlackTeamCountry "GER"]

1. e4 e5 2. Nf3 Nc6 3. Nc3 Nf6 4. Bb5 Bc5 5. Nxe5 Nxe5 6. d4 Bb4 7. dxe5 Nxe4 8. Qd4 Nxc3 9. bxc3 Be7 10. 0-0 a6 11. Bd3 0-0 12. Bf4 d6 13. Rad1 Rb8 14. Rfe1 Be6 15. c4 Qc8 16. Qe4 g6 17. Bh6 Re8 18. Qd4 c5 19. Qf4 dxe5 20. Qxe5 Bf8 21. Bf4 Ra8 22. Qb2 Bd7 23. Be5 Bc6 24. f3 Re6 25. Bf6 Qe8 26. Qc3 Rc8 27. Rxe6 Qxe6 28. Re1 Qd7 29. Re2 1/2-1/2